000 00254nam a2200109Ia 4500
008 231212s1973 xx 000 0 und d
041 _aeng
082 _a621
100 _aAkhmetor N.
245 _aGeneral and Inorganic
260 _aMascow
_bMir Pub
_c1973
999 _c958411
_d958411